000 00585nam a22002297a 4500
003 UA-OsUOA
001 99996
007 ta
008 20130521b un ||||| |||| 00| 0 ukr d
100 _aУзульяс А.
090 _a821.133.1
_bУ34
942 _cBK
040 _aUA-OsUOA
_brus
_cUA-OsUOA
_dUA-OsUOA
245 _aПобедить и жить
300 _a432 с.
955 _a3
041 _arus
080 _a821.133.1
260 _aМ.
_bВоениздат
_c1970
650 7 _a82 Література. Літературознавство
_2UDC
999 _c386238
_d386238